| 000 | 00613nam a2200193Ia 4500 | ||
|---|---|---|---|
| 003 | GCL | ||
| 005 | 20240530104833.0 | ||
| 008 | 140319s9999 xx 000 0 ara d | ||
| 040 |
_aGCL / _cGCL |
||
| 082 | 0 | 4 |
_a374/ _bش ح |
| 110 | 1 | _aالشعبة القومية لليونسكو | |
| 245 | 1 | 0 |
_aمصر واليونسكو : _bمكافحة الامية / _cالشعبة القومية لليونسكو |
| 300 | _a111 ص | ||
| 490 |
_aمصر واليونسكو : محو الامية _v2 |
||
| 650 | 0 | 4 | _aتعليم الكبار |
| 650 | 0 | 4 | _aدوريات |
| 650 | 0 | 4 | _aالتعليم - مصر |
| 942 |
_2ddc _cBK |
||
| 999 |
_c51075 _d51075 |
||